[Event "DSOL 05 Liga Gr-C 1st"]
[Site "Playchess.com INT"]
[Date "2020.07.22"]
[Round "5.3"]
[White "Sevim, Suekrue"]
[Black "Bialas, Jan Philip"]
[Result "1-0"]
[WhiteElo "1000"]
[BlackElo "1571"]
[PlyCount "59"]
[EventDate "2020.06.22"]
[EventType "team-tourn (rapid)"]
[EventCountry "GER"]
[SourceTitle "EXT 2021"]
[Source "ChessBase"]
[SourceDate "2020.10.23"]
[SourceVersion "1"]
[SourceVersionDate "2020.10.23"]
[SourceQuality "1"]
[WhiteTeam "Wunstorf"]
[BlackTeam "Datteln"]
[WhiteTeamCountry "GER"]
[BlackTeamCountry "GER"]

1. e4 c5 2. Nf3 Nc6 3. Bc4 g6 4. c3 Bg7 5. d3 d6 6. Be3 Nf6 7. 0-0 0-0 8. h3 Nd7 9. Re1 Nde5 10. Nxe5 Nxe5 11. Bb3 Bd7 12. Na3 a6 13. d4 cxd4 14. cxd4 Nc6 15. Rb1 Rc8 16. Nc2 e6 17. d5 exd5 18. Bxd5 Be6 19. Re2 Bxd5 20. Qxd5 Qe7 21. Rd2 Rfd8 22. b3 Qe5 23. Qd3 Qe7 24. Rbd1 Ne5 25. Qe2 Qc7 26. Nb4 Qe7 27. Nd5 Qe6 28. Rc2 Rxc2 29. Qxc2 Rc8 30. Qxc8+ 1-0

[Event "Dortmund Sparkassen op-B 47th"]
[Site "Dortmund"]
[Date "2019.07.20"]
[Round "8"]
[White "Bialas, Jan Philip"]
[Black "Barth, Hans Joachim"]
[Result "1-0"]
[WhiteElo "1583"]
[BlackElo "1722"]
[PlyCount "59"]
[EventDate "2019.07.13"]
[EventType "swiss"]
[EventRounds "9"]
[EventCountry "GER"]
[SourceTitle "CBM 192 Extra"]
[Source "Chessbase"]
[SourceDate "2019.11.06"]
[SourceVersion "1"]
[SourceVersionDate "2019.11.06"]
[SourceQuality "1"]

1. d4 c6 2. Nf3 Nf6 3. Bf4 d5 4. e3 Nbd7 5. c4 e6 6. Nc3 Nh5 7. Bg5 f6 8. Bh4 g6 9. cxd5 cxd5 10. Bb5 Be7 11. 0-0 0-0 12. Qb3 g5 13. Bg3 Nxg3 14. fxg3 g4 15. Nd2 a6 16. Bd3 f5 17. Nxd5 Bg5 18. Nf4 Qb6 19. Nxe6 Qxb3 20. Nxb3 Bxe3+ 21. Kh1 Ne5 22. Bxf5 Rxf5 23. Rxf5 Nf7 24. d5 Bd7 25. Raf1 Bxe6 26. dxe6 Nd6 27. Re5 Nc4 28. Re4 b5 29. e7 Re8 30. Rxg4+ 1-0

[Event "Ruhrgebiet-ch U14"]
[Site "Muelheim"]
[Date "2004.04.06"]
[Round "6"]
[White "Birnkraut, Alex"]
[Black "Bialas, Jan Philip"]
[Result "1-0"]
[WhiteElo "704"]
[BlackElo "938"]
[PlyCount "89"]
[EventDate "2004.04.??"]
[EventType "swiss"]
[EventRounds "7"]
[EventCountry "GER"]
[SourceTitle "EXT 2005"]
[Source "ChessBase"]
[SourceDate "2004.11.15"]
[SourceVersion "1"]
[SourceVersionDate "2004.11.15"]
[SourceQuality "1"]

1. e4 e5 2. Nf3 Nc6 3. Bc4 Bc5 4. c3 Nf6 5. d4 Bd6 6. Bg5 Be7 7. Nxe5 0-0 8. Nd2 d6 9. Nxc6 bxc6 10. h3 Nxe4 11. Bxe7 Qxe7 12. 0-0 Nxd2 13. Qxd2 Qf6 14. Rfe1 Qg6 15. Bd3 Qf6 16. Qe3 Bd7 17. Qe7 Be6 18. Qxc7 Bd5 19. c4 Bxc4 20. Bxc4 Qxd4 21. Qxc6 Rfc8 22. Bxf7+ Kxf7 23. Qf3+ Kg8 24. Qb3+ Kh8 25. Rad1 Qf6 26. Re6 Rab8 27. Rxf6 Rxb3 28. Rfxd6 Rbb8 29. b4 h6 30. a3 Kh7 31. Rd7 Ra8 32. b5 Rcb8 33. a4 a6 34. Rb1 Kg6 35. b6 Kf6 36. Ra7 g6 37. Rxa8 Rxa8 38. b7 Rb8 39. Rb6+ Kf5 40. Kh2 Kf4 41. Rxg6 Rxb7 42. Rxa6 Rb2 43. Rf6+ Ke4 44. a5 Rxf2 45. Rxf2 1-0